000 nam a22 a 4500
999 _c1795
_d1795
003 AKMAL
005 20170512091614.0
008 170512s1995 xxk 00 eng d
020 _a1874241708 (pbk.):
_cGBP 16.45
040 _aAKMAL
082 0 4 _a344.20615 CUR
090 2 0 _a344.20615
_bCUR
100 1 _aCurzon, L. B.
_q(Leslie Basil),
_d1921-
_9355
245 1 0 _aFamily law :
_bL. B. Curzon
260 _aLondon :
_bCavendish,
_c1995
300 _aliv, 331p. ;
_c25cm
504 _aIncludes bibliographical references and index
650 _aDomestic relations
_zEngland
_93712
650 _aDomestic relations
_zWales
_93713
650 _aLecture notes/ Cavendish Publishing Limited
_93714
942 _2ddc
_cBOOK